Kirklees MC v Ramfield Plc (Record no. 54049)
[ view plain ]
| 000 -LEADER | |
|---|---|
| fixed length control field | 01397cab a2200229 4500 |
| 001 - CONTROL NUMBER | |
| control field | X91440 |
| 008 - FIXED-LENGTH DATA ELEMENTS--GENERAL INFORMATION | |
| fixed length control field | 090401t1998 xxu||||| |||| 00| 0 eng d |
| 035 ## - SYSTEM CONTROL NUMBER | |
| System control number | (Sirsi) u85919 |
| 041 ## - LANGUAGE CODE | |
| Language code of text/sound track or separate title | eng |
| 245 ## - TITLE STATEMENT | |
| Title | Kirklees MC v Ramfield Plc |
| 260 ## - PUBLICATION, DISTRIBUTION, ETC. | |
| Date of publication, distribution, etc. | 1998 |
| 350 ## - PRICE (NR) (BK AM CF MU VM SE) [OBSOLETE] | |
| Price | 0 |
| 490 ## - SERIES STATEMENT | |
| Series statement | Planning Appeal Decisions |
| Volume/sequential designation | (1998) 13 PAD 182-191(10) |
| 520 ## - SUMMARY, ETC. | |
| Summary, etc. | Non-food retail warehousing - 8,593 sq m. - 4.17ha site - car parking and access works - changes to road network - vacant buildings used for manufacturing - loss from business and industrial use - operative structure and local plans - employment priority area - replacement revised policy as to range of goods - emerging unitary development plan - district`s employment needs - retail policy issues - site adjoining existing large retail park - retail impact assessment - PPGs 6 and 23 - cumulative effects of various retail developments - flexibility in format of development - section 106 undertaking - supply of land for business and industrial development - not such short supply as to need safeguarding - re-occupation of existing buidings - B8 distribution use not realistic - conditions. HEADNOTE. |
| 650 ## - SUBJECT ADDED ENTRY--TOPICAL TERM | |
| Topical term or geographic name entry element | KIRKLEES MC V RAMFIELD PLC |
| 650 ## - SUBJECT ADDED ENTRY--TOPICAL TERM | |
| Topical term or geographic name entry element | PPG23 |
| 650 ## - SUBJECT ADDED ENTRY--TOPICAL TERM | |
| Topical term or geographic name entry element | PLANNING POLICY GUIDANCE NOTE SIX |
| 650 ## - SUBJECT ADDED ENTRY--TOPICAL TERM | |
| Topical term or geographic name entry element | RETAIL WAREHOUSING |
| 690 ## - LOCAL SUBJECT ADDED ENTRY--TOPICAL TERM (OCLC, RLIN) | |
| Topical term or geographic name as entry element | PLANNING LAW AND PRACTICE-CASE LAW |
| 942 ## - ADDED ENTRY ELEMENTS (KOHA) | |
| Suppress in OPAC | 0 |
| 948 ## - LOCAL PROCESSING INFORMATION (OCLC); SERIES PART DESIGNATOR (RLIN) | |
| c (OCLC) | 30/04/1998 |
| Withdrawn status | Lost status | Source of classification or shelving scheme | Damaged status | Not for loan | Home library | Current library | Shelving location | Date acquired | Total Checkouts | Full call number | Barcode | Date last seen | Copy number | Price effective from | Koha item type |
|---|---|---|---|---|---|---|---|---|---|---|---|---|---|---|---|
| Dewey Decimal Classification | London | London | Journal article | 14/09/1999 | X91440 | 85919-1001 | 06/08/2019 | 1 | 06/08/2019 | Law report |